000 00574nam a2200229Ia 4500
003 OSt
005 20220923225949.0
006 a|||||r|||| 00| 0
007 ta
008 Pun
024 _a276,378
037 _cTextual
040 _aARTS
_cARTS
_bPun
041 _2Pun
_aPun
082 _aO153,2NNA,MA, M2
100 _aਨਾਰੰਗ, ਸੀ ਐਲ
245 0 _aਮਾਨਵ
260 _c1982
650 _aਪੰਜਾਬੀ ਸਾਹਿਤ
942 _hO153,2NNA,MA, M2
_cTEXL
_2CC
999 _c381643
_d381643